| 000 | 01112cam a22003255a 4500 | ||
|---|---|---|---|
| 001 | 016745569 | ||
| 003 | OSt | ||
| 005 | 20201128021419.0 | ||
| 008 | 140716t2015 enka frbd 001 0 eng d | ||
| 020 | _a9781292056548 (pbk.) | ||
| 020 | _a1292056541 (pbk.) | ||
| 040 |
_aStDuBDS _beng _cStDuBDS _dUk _dEG-ScBUE _dEG-ScBUE |
||
| 082 | 0 | 4 |
_a658 _bROB _222 |
| 100 | 1 |
_aRobbins, Stephen P., _d1943- _98040 |
|
| 245 | 1 | 0 |
_aFundamentals of management : _bessential concepts and applications / _cStephen P. Robbins, David A. Decenzo, Mary Coulter. |
| 250 | _a9th ed., Global ed. | ||
| 260 |
_aHalow : _bPearson Education Limited, _cc.2015. |
||
| 300 |
_a504 p. : _bill. ; _c28 cm. |
||
| 500 | _aIncludes student access code inside : my management lab. | ||
| 500 | _aIndex : p. 486-504. | ||
| 500 | _aGlossary : p. 480-504. | ||
| 504 | _aIncludes bibliographical references. | ||
| 541 | _aBUE book fair. | ||
| 650 | 7 |
_aManagement. _2BUEsh _9553 |
|
| 651 | _2BUEsh | ||
| 653 |
_bNNUR _bBUSADM _cDecember2015 _cJanuary2016 |
||
| 700 | 1 | _aDeCenzo, David A. | |
| 700 | 1 | _aCoulter, Mary K. | |
| 942 | _2ddc | ||
| 999 |
_c20270 _d20242 |
||